|
|
|
|
| LEADER |
00900cam a2200241 7i4500 |
| 001 |
0000003779 |
| 005 |
20170218090000.0 |
| 020 |
|
|
|a 97802736559169
|
| 020 |
|
|
|a 0273655914 (pbk.)
|
| 090 |
0 |
0 |
|a HF5657.4
|b .A64 2002
|
| 100 |
1 |
|
|a Atrill, Peter
|
| 245 |
1 |
0 |
|a Management accounting for non-specialists
|c Peter Atrill and Eddie McLaney.
|
| 250 |
|
|
|a 3rd ed.
|
| 260 |
|
|
|a Harlow, England:
|b Financial Times/Prentice Hall,
|c 2002.
|
| 300 |
|
|
|a xvi, 403 p.:
|b col. ill.;
|c 25 cm.
|
| 504 |
|
|
|a Includes bibliographical references and index
|
| 650 |
0 |
0 |
|a Managerial accounting
|
| 700 |
1 |
|
|a McLaney, Eddie
|
| 997 |
|
|
|a Business & Accountancy, Faculty
|
| 999 |
|
|
|a 0000003599
|b BOK
|c OPEN SHELF
|e 1st Floor, Shah Alam
|
| 999 |
|
|
|a 0000009877
|b BOK
|c OPEN SHELF
|e 1st Floor, Shah Alam
|
| 999 |
|
|
|a 0000009900
|b BOK
|c OPEN SHELF
|e 1st Floor, Shah Alam
|
| 999 |
|
|
|a 0000010143
|b BOK
|c OPEN SHELF
|e 1st Floor, Shah Alam
|